<?xml version="1.0" encoding="UTF-8"?>
<collection xmlns="http://www.loc.gov/MARC21/slim">
<record>
  <controlfield tag="001">306982</controlfield>
  <controlfield tag="005">20240928181409.0</controlfield>
  <datafield tag="035" ind1=" " ind2=" ">
    <subfield code="a">G:(GEPRIS)5451519</subfield>
  </datafield>
  <datafield tag="024" ind1="7" ind2=" ">
    <subfield code="a">G:(GEPRIS)5451519</subfield>
    <subfield code="d">5451519</subfield>
  </datafield>
  <datafield tag="040" ind1=" " ind2=" ">
    <subfield code="a">GEPRIS</subfield>
    <subfield code="c">http://gepris.its.kfa-juelich.de</subfield>
  </datafield>
  <datafield tag="150" ind1=" " ind2=" ">
    <subfield code="a">Wasserstoffbrücken-vermittelte Enantioselektivität in organokatalytischen Photoreaktionen</subfield>
    <subfield code="y">2005 - 2014</subfield>
  </datafield>
  <datafield tag="371" ind1=" " ind2=" ">
    <subfield code="a">Professor Dr. Thorsten Bach</subfield>
  </datafield>
  <datafield tag="450" ind1=" " ind2=" ">
    <subfield code="a">DFG project G:(GEPRIS)5451519</subfield>
    <subfield code="w">d</subfield>
    <subfield code="y">2005 - 2014</subfield>
  </datafield>
  <datafield tag="510" ind1="1" ind2=" ">
    <subfield code="a">Deutsche Forschungsgemeinschaft</subfield>
    <subfield code="0">I:(DE-588b)2007744-0</subfield>
    <subfield code="b">DFG</subfield>
  </datafield>
  <datafield tag="550" ind1=" " ind2=" ">
    <subfield code="0">G:(GEPRIS)5472190</subfield>
    <subfield code="a">SPP 1179: Organokatalyse</subfield>
    <subfield code="w">t</subfield>
  </datafield>
  <datafield tag="680" ind1=" " ind2=" ">
    <subfield code="a">Chirale Organokatalysatoren sollen hergestellt werden, die über eine Wasserstoffbrücken-Bindungsstelle (z.B. ein Lactam) und über eine photokatalytisch aktive Einheit (z.B. einen Sensibilisator) verfügen. Beide Einheiten sind miteinander durch ein starres Rückgrat verknüpft, das sich synthetisch von der Kemp schen Trisäure ableitet. Photochemische Reaktionen und Radikalreaktionen von Substraten, die in der Lage sind, an den Katalysator zu binden, werden beschleunigt. Eine breite Vielfalt solcher Reaktionen wird vorgeschlagen und soll bearbeitet werden. Die Seitendifferenzierung (Absolutkonfiguration) und die Assoziation werden genau untersucht. Synthetische Anwendungen werden verfolgt, so etwa die enantioselektive Totalsynthese des Melodinus-Alkaloids Meloscin. Zusätzliche Experimente zielen auf eine Immobilisierung von chiralen Komplexierungsreagentien oder chiralen Katalysatoren an einem optisch durchlässigen festen Träger.</subfield>
  </datafield>
  <datafield tag="909" ind1="C" ind2="O">
    <subfield code="o">oai:juser.fz-juelich.de:973857</subfield>
    <subfield code="p">authority:GRANT</subfield>
    <subfield code="p">authority</subfield>
  </datafield>
  <datafield tag="980" ind1=" " ind2=" ">
    <subfield code="a">G</subfield>
  </datafield>
  <datafield tag="980" ind1=" " ind2=" ">
    <subfield code="a">AUTHORITY</subfield>
  </datafield>
  <datafield tag="909" ind1="C" ind2="O">
    <subfield code="o">oai:juser.fz-juelich.de:973857</subfield>
  </datafield>
</record>
</collection>